000 00417nam a22001697a 4500
003 MPLRDC
005 20220104170215.0
008 210129b ||||| |||| 00| 0 eng d
020 _a0-19-638231-9
082 _a859.6 FRA
100 _aSHAMUS FRAZER
245 _aTHE CROCODILE DIES TWICE
_c
260 _a
_bOXFORD UNIVERSITY PRESS
_c
300 _b
650 _aCHILDREN LITERATURE
942 _cBK
_o859.6 FRA
999 _c57841
_d57831